[Event "COL-ch Amateur U1700"]
[Site "Paipa"]
[Date "2020.02.26"]
[Round "1"]
[White "Valcarcel Sierra, Gustavo"]
[Black "Rubio Rianes, Bernardino"]
[Result "0-1"]
[WhiteElo "1566"]
[BlackElo "1414"]
[PlyCount "88"]
[EventDate "2020.02.26"]
[EventType "swiss"]
[EventRounds "9"]
[EventCountry "COL"]
[SourceTitle "EXT 2021"]
[Source "ChessBase"]
[SourceDate "2020.10.23"]
[SourceVersion "1"]
[SourceVersionDate "2020.10.23"]
[SourceQuality "1"]

1. d4 d5 2. c4 e6 3. Nc3 Nf6 4. Bg5 Be7 5. Nf3 0-0 6. e3 Ne4 7. Bxe7 Qxe7 8. cxd5 Nxc3 9. bxc3 exd5 10. Bd3 Bg4 11. h3 Bh5 12. g4 Bg6 13. Bxg6 fxg6 14. 0-0 Nc6 15. Qb3 Kh8 16. Nd2 Qh4 17. Qxd5 Qxh3 18. Qg2 Qh4 19. Qg3 Qxg3+ 20. fxg3 Rf6 21. Rab1 b6 22. g5 Rf5 23. Kg2 Rxg5 24. Rf7 Rc8 25. Rbf1 h5 26. Rf8+ Rxf8 27. Rxf8+ Kh7 28. Rf7 h4 29. Ne4 Ra5 30. Rxc7 Rxa2+ 31. Kh3 Nd8 32. Kxh4 a5 33. Kg5 Ne6+ 34. Kg4 Nxc7 35. Kf4 a4 36. Ke5 a3 37. c4 Re2 38. Kd6 Ne8+ 39. Kd7 Nf6+ 40. Nxf6+ gxf6 41. c5 bxc5 42. dxc5 a2 43. c6 Rd2+ 44. Ke6 a1Q 0-1